Elements of mechanical engineering/ (Record no. 9525)
[ view plain ]
| 000 -LEADER | |
|---|---|
| fixed length control field | 00514nac a22001691u 4500 |
| 020 ## - INTERNATIONAL STANDARD BOOK NUMBER | |
| International Standard Book Number | 8170086361 |
| 082 ## - DEWEY DECIMAL CLASSIFICATION NUMBER | |
| Item number | 621 |
| Classification number | RAJ |
| 090 ## - LOCALLY ASSIGNED LC-TYPE CALL NUMBER (OCLC); LOCAL CALL NUMBER (OCLC) | |
| -- | 9525 |
| -- | 9525 |
| 100 ## - MAIN ENTRY--PERSONAL NAME | |
| Personal name | Rajput, R. K. |
| 245 ## - TITLE STATEMENT | |
| Title | Elements of mechanical engineering/ |
| Statement of responsibility, etc | R. K. Rajput |
| 260 ## - PUBLICATION, DISTRIBUTION, ETC. (IMPRINT) | |
| Place of publication, distribution, etc | New Delhi: |
| Name of publisher, distributor, etc | Laxmi Publications,2005 |
| Date of publication, distribution, etc | 2005 |
| 300 ## - PHYSICAL DESCRIPTION | |
| Extent | 620p.: |
| Other physical details | ill; |
| Dimensions | 23 cm. |
| 500 ## - GENERAL NOTE | |
| General note | distributer: Al-Ahram |
| 511 ## - PARTICIPANT OR PERFORMER NOTE | |
| Participant or performer note | Catalogued by: wessam |
| 650 ## - SUBJECT ADDED ENTRY--TOPICAL TERM | |
| Topical term or geographic name as entry element | Mechanical engineering |
| 942 ## - ADDED ENTRY ELEMENTS (KOHA) | |
| Item type | Book - Borrowing |
| Call number prefix | 621RAJ |
| Withdrawn status | Item status | Damaged status | Not for loan | Home library | Current library | Shelving location | Date acquired | Source of acquisition | Total Checkouts | Full call number | Barcode | Date last seen | Koha item type |
|---|---|---|---|---|---|---|---|---|---|---|---|---|---|
| Central Library | Central Library | First floor | 21/05/2008 | Purchase | 621RAJ | 000011594 | 15/07/2025 | Book - Borrowing |